LEADER 01087nam--2200385---450- 001 990003626340203316 005 20120220135544.0 010 $a0-8371-9516-0 035 $a000362634 035 $aUSA01000362634 035 $a(ALEPH)000362634USA01 035 $a000362634 100 $a20120220d1977----km-y0itay50------ba 101 $aeng 102 $aUS 105 $a||||||||001yy 200 1 $a<> pronunciaton of greek and latin$fby Edgar H. Sturtevant 205 $a2. ed 210 $aWestport$cGreenwood$d1977 215 $a192 p.$d22 cm 225 2 $aWilliam Dwight Whitney linguistic series 410 0$12001$aWilliam Dwight Whitney linguistic series 454 1$12001 461 1$1001-------$12001 606 0 $aLingue classiche$2BNCF 676 $a481.5 700 1$aSTURTEVANT,$bEdgard Howard$0565654 801 0$aIT$bsalbc$gISBD 912 $a990003626340203316 951 $aSG 51$b725 DSA/IFCL 959 $aBK 969 $aDSA 979 $aDSA$b90$c20120220$lUSA01$h1355 996 $aPronunciaton of greek and latin$91138456 997 $aUNISA